[Event "XingQiu Open"]
[Site "Lishui CHN"]
[Date "2009.09.22"]
[Round "6"]
[White "Wu Wenjin"]
[Black "Xiu Deshun"]
[Result "0-1"]
[WhiteElo "2407"]
[BlackElo "2494"]

1.d4 Nf6 2.c4 e6 3.Nf3 d5 4.g3 Be7 5.Bg2 O-O 6.Nbd2 c5 7.dxc5 Bxc5 8.O-O Nc6
9.a3 a5 10.cxd5 exd5 11.Nb3 Bb6 12.Nbd4 Re8 13.Bf4 Ne4 14.Be3 Bg4 15.Rc1 Qf6
16.Nxc6 Bxe3 17.fxe3 bxc6 18.Nd4 Qg5 19.Rf4 Nf6 20.Rxc6 Rxe3 21.Nf3 Qh5 22.Qd4 Rxe2
23.Rcxf6 Bxf3 24.Bxf3 Qxh2+ 25.Kf1 Rd2 26.Rh6 Rc8 27.Bg2 Re8 28.Qxd2  0-1

[Event "74th ch-ESP Absoluto"]
[Site "Palma de Mallorca ESP"]
[Date "2009.09.26"]
[Round "1"]
[White "Illescas Cordoba,M"]
[Black "Lorente Penalba,D"]
[Result "1-0"]
[WhiteElo "2591"]
[BlackElo "2120"]

1.d4 d5 2.c4 e6 3.Nf3 Nf6 4.g3 Be7 5.Bg2 O-O 6.O-O dxc4 7.Na3 a6 8.Nxc4 b5
9.Na5 c6 10.Bd2 Nd5 11.Ne5 Qb6 12.Rc1 c5 13.dxc5 Bxc5 14.Nb3 Be7 15.e4 Nb4
16.a3 N4c6 17.Nxc6 Nxc6 18.Rxc6 Qxc6 19.e5 Qd7 20.Bxa8 Rd8 21.Qc2  1-0

[Event "TCh-ISL 2009-10"]
[Site "Rekjavik ISL"]
[Date "2009.09.26"]
[Round "3"]
[White "Edvardsson,K"]
[Black "Kjartansson,G"]
[Result "1-0"]
[WhiteElo "2255"]
[BlackElo "2413"]

1.d4 Nf6 2.c4 e6 3.g3 d5 4.Bg2 Be7 5.Nf3 O-O 6.O-O dxc4 7.Qc2 a6 8.Qxc4 b5
9.Qc2 Bb7 10.Bd2 Be4 11.Qc1 Bb7 12.a3 Nbd7 13.Ba5 Rc8 14.Nbd2 Qe8 15.b4 Nb6
16.Qc2 Nfd7 17.Ng5 Bxg5 18.Bxb7 Rb8 19.Nf3 Rxb7 20.Nxg5 Nf6 21.Bxb6 cxb6
22.Rac1 Qe7 23.e4 Ne8 24.Nf3 Nd6 25.Nd2 Nc4 26.Nxc4 Rc7 27.Qd3 Rfc8 28.Nxb6 Rxc1
29.Nxc8 Rxc8 30.d5 Rd8 31.Rd1 exd5 32.exd5 Qd6 33.Qd4 Rc8 34.Re1 h6 35.Kg2 Kf8
36.Re3 Rd8 37.Rd3 Rc8 38.Qe4 Re8 39.Qh7 f6 40.Qf5 Kf7 41.Re3 g6 42.Qf3 Rxe3
43.fxe3 Qe5 44.e4 Ke7 45.g4 Qb2+ 46.Kg3 Qe5+ 47.Kh3 Qd4 48.Kg2 Kd6 49.Qf4+ Kd7
50.h4 g5 51.hxg5 hxg5 52.Qf3 Ke7 53.Qe2 Kd6 54.Kf3 Qg1 55.Qf2 Qd1+ 56.Kg3 Qd3+
57.Qf3 Qd4 58.Kh3 Ke7 59.Kg2 Kd6 60.Qe2 Ke5 61.Kf3 Qc3+ 62.Qe3 Qc4 63.Kg3 Qc2
64.Kh3 Qd1 65.Kg3 Qa1 66.Kg2 Qd1 67.Qf3 Qc2+ 68.Kg3 Qc7 69.Kh3 Qd8 70.Qf5+ Kd4
71.Qe6 Ke3 72.d6 Kf2 73.Qf5+ Kg1 74.e5 Qa8 75.Qb1+ Kf2 76.Qc2+ Kg1 77.Kg3  1-0

[Event "69th ch-ITA s/f"]
[Site "Arvier ITA"]
[Date "2009.10.03"]
[Round "8"]
[White "Parrella,A"]
[Black "Vespe,F"]
[Result "1-0"]
[WhiteElo "2099"]
[BlackElo "1976"]

1.g3 Nf6 2.Bg2 e6 3.c4 d5 4.Nf3 Be7 5.d4 O-O 6.O-O Nbd7 7.Qc2 c5 8.cxd5 exd5
9.Nc3 b6 10.Bf4 Bb7 11.Nb5 Ne4 12.Rad1 a6 13.Nc3 Ndf6 14.Be5 c4 15.Nd2 Nxc3
16.bxc3 b5 17.f3 a5 18.e4 Qd7 19.Bxf6 Bxf6 20.e5 Be7 21.f4 Rfc8 22.Nf3 b4
23.Rfe1 Bc6 24.e6 fxe6 25.Bh3 Ba4 26.Qg2 Ra6 27.Rd2 Bf6 28.Rde2 Re8 29.f5 Qb7
30.fxe6 Re7 31.Rc1 b3 32.axb3 cxb3 33.Ne5 Bxe5 34.Rxe5 Bc6 35.Qb2 a4 36.Qa3 b2
37.Rb1 Rb6 38.Rf5 Rb3 39.Rbf1 h6 40.Rf8+ Kh7 41.Bf5+ g6 42.Qa2 gxf5 43.Qb1 Be8
44.Qxf5+ Bg6 45.Qf6 Rg7 46.Qd8 Be4 47.Rh8+ Kg6 48.Qf6+ Kh5 49.Qh4+  1-0

[Event "Panamericano U20"]
[Site "Montevideo URU"]
[Date "2009.10.08"]
[Round "4"]
[White "Izquierdo,S"]
[Black "Ibanez,Rodrigo"]
[Result "1-0"]
[WhiteElo "2018"]
[BlackElo "1934"]

1.d4 Nf6 2.Nf3 e6 3.c4 d5 4.g3 Be7 5.Bg2 O-O 6.O-O dxc4 7.Qc2 Nc6 8.Qxc4 Rb8
9.Nc3 Bd7 10.Bf4 a6 11.a4 Nh5 12.Rfd1 Nxf4 13.gxf4 Na5 14.Qd3 Bc6 15.Rab1 Bxf3
16.Bxf3 Bd6 17.e3 Nc6 18.Bxc6 bxc6 19.Qxa6 Rb6 20.Qe2 Qa8 21.Rd3 f5 22.f3 Rf6
23.Kh1 Bb4 24.b3 Rh6 25.Nd1 Be7 26.Nb2 Bh4 27.Rg1 Qb8 28.Qc2 Qe8 29.Nc4 Ra6
30.Ne5 Qh5 31.Qg2 Bf6 32.Nd7 Rg6 33.Nxf6+ gxf6 34.Qf2 Kf7 35.Rc3 Rxg1+ 36.Kxg1 Ke7
37.Qg3 Qf7 38.Kf2 Kd7 39.Ke2 Ra8 40.Kd3 Rg8 41.Qf2 Qe8 42.Qc2 Qa8 43.Rc4 Rg1
44.Qf2 Qg8 45.Rc2 Rb1 46.Rb2 Rd1+ 47.Rd2 Rb1 48.Kc2 Ra1 49.Kb2 Rg1 50.Rc2 Rg7
51.Qe2 Qa8 52.Qc4 h5 53.e4 fxe4 54.fxe4 Qb7 55.a5 Rg4 56.a6 Qb6 57.d5 cxd5
58.exd5 e5 59.Qa4+  1-0

[Event "USCL 2009"]
[Site "ICC INT"]
[Date "2009.10.19"]
[Round "8"]
[White "Sammour Hasbun,J"]
[Black "Ippolito,D"]
[Result "0-1"]
[WhiteElo "2463"]
[BlackElo "2455"]

1.d4 Nf6 2.c4 e6 3.g3 d5 4.Nf3 Be7 5.Bg2 O-O 6.O-O dxc4 7.Qc2 a6 8.Qxc4 b5
9.Qc2 Bb7 10.Bd2 Be4 11.Qc1 Nbd7 12.Ba5 Ra7 13.Nbd2 Bd5 14.Re1 Ne4 15.Nxe4 Bxe4
16.Qe3 Qa8 17.Rac1 Nb6 18.b3 b4 19.Bf1 Bxf3 20.Qxf3 Qxf3 21.exf3 Rb8 22.f4 Kf8
23.Bg2 Bd6 24.Rc2 Nd5 25.Rec1 Rbb7 26.f5 Ke7 27.fxe6 fxe6 28.Re1 Rb5 29.Rce2 Rxa5
30.Rxe6+ Kf7 31.Bf1 Nf6 32.Bc4 Kf8 33.R1e2 Ra8 34.f4 Re8 35.Rxe8+ Nxe8 36.Kg2 Be7
37.Kf3 Bf6 38.Ke4 Nd6+ 39.Kd3 Nb5 40.g4 Nxd4 41.Re4 Nc6 42.Re6 Nd8 43.Re2 Nb7
44.g5 Be7 45.h4 Rf5 46.Ke3 Bd6 47.Bxa6 Nc5 48.Bc4 Rxf4  0-1

[Event "Guernsey Open"]
[Site "Guernsey GCI"]
[Date "2009.10.20"]
[Round "3"]
[White "Van Voorthuijsen,PW"]
[Black "Hoare,Amy"]
[Result "1-0"]
[WhiteElo "2300"]
[BlackElo "1797"]

1.d4 d5 2.Nf3 Nf6 3.c4 e6 4.g3 Be7 5.Bg2 O-O 6.O-O Nbd7 7.Qc2 b6 8.cxd5 Nxd5
9.a3 Bb7 10.e4 N5f6 11.Nc3 h6 12.Bf4 c5 13.d5 exd5 14.exd5 Nxd5 15.Nxd5 Bxd5
16.Rad1 Be6 17.Ne5 g5 18.Nc6 Qe8 19.Nxe7+ Qxe7 20.Bd6 Qf6 21.Bxf8 Rxf8 22.f4 gxf4
23.Rxf4 Qe7 24.Qc3 f5 25.Re1 Qf7 26.Rh4 Qg6 27.Qd2 Kg7 28.Qd6 Re8 29.Rf4 Qf6
30.Bc6 Qf7 31.Rf2 Re7 32.Bxd7 Rxd7 33.Qxe6 Qxe6 34.Rxe6 c4 35.a4 Rf7 36.Rc6 h5
37.Rxc4 a6 38.Rc6 b5 39.axb5 axb5 40.Rb6  1-0

[Event "Unive Open"]
[Site "Hoogeveen NED"]
[Date "2009.10.20"]
[Round "5"]
[White "Brodsky,M"]
[Black "Friedel,J"]
[Result "1/2-1/2"]
[WhiteElo "2530"]
[BlackElo "2555"]

1.Nf3 Nf6 2.c4 e6 3.g3 d5 4.d4 Be7 5.Bg2 O-O 6.O-O dxc4 7.Qc2 a6 8.a4 Bd7
9.Rd1 Bc6 10.Nc3 Bb4 11.Bg5 Bxc3 12.Qxc3 Ne4 13.Bxd8 Nxc3 14.bxc3 Rxd8 15.Ne5 Bxg2
16.Kxg2 Nc6 17.Nxc4 b5 18.axb5 axb5 19.Ne3  1/2-1/2

[Event "USCL 2009"]
[Site "ICC INT"]
[Date "2009.10.21"]
[Round "8"]
[White "Enkhbat,T"]
[Black "Bartell,T"]
[Result "1/2-1/2"]
[WhiteElo "2253"]
[BlackElo "2368"]

1.d4 Nf6 2.c4 e6 3.g3 d5 4.Nf3 Be7 5.Bg2 O-O 6.O-O dxc4 7.Qc2 a6 8.Qxc4 b5
9.Qc2 Bb7 10.Bd2 Nc6 11.e3 Nb4 12.Bxb4 Bxb4 13.a3 Bd6 14.Nbd2 Qe7 15.Rfc1 Rfc8
16.Nb3 Be4 17.Qd1 c5 18.Nxc5 Bxc5 19.dxc5 Rxc5 20.Rxc5 Qxc5 21.Rc1 Qb6 22.Ne5 Rd8
23.Qe2 Qd6 24.Nc6 Qd2 25.Qxd2 Rxd2 26.Ne5 g5 27.Bxe4 Nxe4 28.f3 Nd6 29.b4 Re2
30.e4 Ra2 31.Rc6 Nc4 32.Nxc4 bxc4 33.Rxc4 Rxa3 34.Kg2 Kg7 35.g4 Ra4  1/2-1/2

[Event "Chigorin Mem Open"]
[Site "St Petersburg RUS"]
[Date "2009.10.23"]
[Round "8"]
[White "Pavlov,S2"]
[Black "Manukyan,S"]
[Result "1-0"]
[WhiteElo "2507"]
[BlackElo "2199"]

1.c4 e6 2.g3 d5 3.Bg2 Nf6 4.Nf3 Be7 5.d4 O-O 6.O-O dxc4 7.Ne5 Nc6 8.Nxc6 bxc6
9.Na3 Bxa3 10.bxa3 Qd6 11.Qa4 Qxd4 12.Be3 Qe5 13.Qxc4 Bd7 14.Rfd1 Rfd8 15.Bd4 Qf5
16.Bc5 Be8 17.Rxd8 Rxd8 18.Bxa7 Rd2 19.e4 Qb5 20.Qc1 Rd8 21.Bc5 Qe2 22.Qe1 Qc2
23.Bb4 c5 24.Rc1 Qxa2 25.Bxc5 Ba4 26.Bb4 h6 27.h3 Rd3 28.Bf1 Rd4 29.Qc3 Rd1
30.Rxd1 Bxd1 31.Bg2 Bc2 32.f3 Qb1+ 33.Kh2 Bd3 34.Qxc7 Bf1 35.Qd8+ Kh7 36.Qd2 Bb5
37.Bc3 Nd7 38.Qb2 Qxb2 39.Bxb2 Nb6 40.Kg1 Nc4 41.Bf1 f6 42.f4 Kg6 43.a4 Ba6
44.Bd4 Kf7 45.Kf2 h5 46.Be2 g6 47.e5 f5 48.g4 hxg4 49.hxg4 Ke7 50.Kg3 fxg4
51.Bxg4 Nd2 52.Kh4 Bd3 53.Kg5 Kf7 54.a5 Bb5 55.Kh6 Bd3 56.Bd1 Nf1 57.Ba4 Ng3
58.Bf2 Nf5+ 59.Kg5 Be2 60.Bc6 Ba6 61.Bc5 Ng7 62.Kg4 Ne8 63.Kf3 Nc7 64.Ke4 Nb5
65.Bb4 Kg7 66.Bxb5 Bxb5 67.Kd4 Kf7 68.Kc5 Bd3 69.Kb6 Ke8 70.a6 Kd7 71.Kb7 Be4+
72.Kb8 Kc6 73.a7 Kb5 74.Be7  1-0

[Event "Chigorin Mem Open"]
[Site "St Petersburg RUS"]
[Date "2009.10.24"]
[Round "9"]
[White "Dolgusheva,I"]
[Black "Bazeev,G"]
[Result "0-1"]
[WhiteElo "2057"]
[BlackElo "2274"]

1.d4 Nf6 2.c4 e6 3.Nf3 d5 4.g3 Be7 5.Bg2 O-O 6.O-O dxc4 7.Qc2 a6 8.Qxc4 b5
9.Qc2 Bb7 10.Bd2 Nbd7 11.Ba5 Bd6 12.Nbd2 Nd5 13.a3 N5b6 14.Ng5 Qxg5 15.Bxb7 Rab8
16.Bc6 Qf6 17.e3 e5 18.Bc3 exd4 19.Bxd4 Be5 20.Nf3 Bxd4 21.Nxd4 Ne5 22.Be4 g6
23.Rac1 Nbc4 24.b3 Nd6 25.Bg2 c5 26.Ne2 c4 27.Nf4 Rfc8 28.Rfd1 cxb3 29.Qxb3 Ndc4
30.Nd5 Qd6 31.Qb4 Qxb4 32.axb4 Kg7 33.Ra1 Nb2 34.Rd2 Na4 35.e4 Rc4 36.f3 Rbc8
37.Rdd1 Rc2 38.f4 Nc4 39.Rdc1 Ncb2 40.Rxc2 Rxc2 41.Bf1 Nc4 42.e5 Nd2 43.Bg2 Nb3
44.Rb1 Nd2 45.Ra1 Rc4 46.Rd1 Rd4 47.Re1 Nb2 48.Ra1 Nb3 49.Rb1 Rd2 50.Nc7 Nd4
51.Nxa6 Nd1 52.Nc5 Ne2+ 53.Kf1 Nec3 54.Ne4 Ne3+  0-1

[Event "Chigorin Mem Open"]
[Site "St Petersburg RUS"]
[Date "2009.10.24"]
[Round "9"]
[White "Mikheev,S"]
[Black "Romanenko,Vl"]
[Result "1-0"]
[WhiteElo "2332"]
[BlackElo "2505"]

1.d4 Nf6 2.c4 e6 3.g3 d5 4.Bg2 Be7 5.Nf3 O-O 6.O-O dxc4 7.Qc2 a6 8.Qxc4 b5
9.Qc2 Bb7 10.Bg5 Be4 11.Qc1 Nbd7 12.Nbd2 Bb7 13.Rd1 Rc8 14.Nb3 h6 15.Bxf6 Bxf6
16.Na5 Bxf3 17.Bxf3 c5 18.Nb7 Qe7 19.dxc5 Nxc5 20.Nxc5 Rxc5 21.Qd2 Qc7 22.Be4 Rd8
23.Bd3 Bg5 24.Qb4 a5 25.Qe4 g6 26.b4 Re5 27.Qg2 Red5 28.h4 Bf6 29.Rac1 Bc3
30.bxa5 Qxa5 31.Qe4 b4 32.Rc2 Kg7 33.Rb1 Rd4 34.Qc6 R8d5 35.Kg2 Qa7 36.Rxc3 bxc3
37.Rb7 Qa4 38.Qxe6 Rd7 39.Qe5+ f6 40.Qe8 Rxd3 41.Rb8 Qc6+ 42.Kh2 Rd8 43.Qxc6 Rxb8
44.exd3 Rb2 45.Qc7+  1-0

[Event "Open"]
[Site "Liberec CZE"]
[Date "2009.10.28"]
[Round "5"]
[White "Grabliauskas,V"]
[Black "Zeberski,J"]
[Result "1/2-1/2"]
[WhiteElo "2426"]
[BlackElo "2400"]

1.d4 d5 2.c4 e6 3.Nf3 Nf6 4.g3 Be7 5.Bg2 O-O 6.O-O dxc4 7.Qc2 a6 8.a4 Bd7
9.Qxc4 Bc6 10.Bg5 a5 11.Nc3 Na6 12.Rad1 Nb4 13.Bxf6 Bxf6 14.e4 g6 15.Rfe1 b6
16.d5 exd5 17.exd5 Bb7 18.Nd4 Bxd4 19.Qxd4 Nc2 20.Qf4 Nxe1 21.Rxe1 Re8 22.Rxe8+ Qxe8
23.h4 Qe7 24.h5 Re8 25.Ne4 f5 26.d6 cxd6 27.Nxd6 Bxg2 28.Nxe8 Bd5 29.Qd2 Qxe8
30.Qxd5+ Kg7 31.Qd4+ Kh6 32.Qf4+ g5 33.Qxf5 Qxh5 34.Qf8+ Kg6 35.Qe8+ Kh6
36.Qf8+ Kg6 37.Qd6+ Kg7 38.Qc7+ Kg8 39.Qxb6 Qd1+ 40.Kh2 Qxa4 41.Qd8+ Kf7
42.Qxg5 Qc2 43.Qd5+ Kg6 44.Qd4 a4 45.Kh3 Qb1 46.Qd6+ Kg7 47.Qe5+ Kg6 48.Kg4 Qd1+
49.f3 Qd7+ 50.Kh4 Qd1 51.Qe4+ Kf7 52.Qf4+ Kg6 53.Qg5+ Kf7 54.Qf5+ Kg7 55.Qg4+ Kf7
56.Kg5 Qd8+ 57.Kh6 Qf6+ 58.Kxh7 Qxb2 59.Qd7+ Kf8 60.Qf5+ Ke8 61.Qe4+ Kf7
62.Qf4+ Qf6 63.Qc4+ Kf8 64.Qc8+ Kf7 65.Qc4+ Kf8 66.Qc8+  1/2-1/2

[Event "17th TCh-Eur"]
[Site "Novi Sad SRB"]
[Date "2009.10.28"]
[Round "7"]
[White "Ekstroem,R"]
[Black "Gordon,S"]
[Result "1-0"]
[WhiteElo "2488"]
[BlackElo "2535"]

1.Nf3 Nf6 2.c4 e6 3.g3 d5 4.Bg2 Be7 5.d4 O-O 6.O-O c6 7.Qc2 Nbd7 8.Nbd2 b6
9.e4 Bb7 10.b3 Rc8 11.Bb2 c5 12.exd5 exd5 13.dxc5 dxc4 14.Nxc4 Be4 15.Qe2 Bxc5
16.Rad1 Qc7 17.Nfe5 Nxe5 18.Bxe4 Nxe4 19.Nxe5 Nf6 20.Ng4 Nxg4 21.Qxg4 f5
22.Qf3 Qc6 23.Rd5 Rcd8 24.Rfd1 Rxd5 25.Rxd5 Be7 26.Kg2 Bf6 27.Bxf6 Qxf6 28.Rd7 f4
29.Rxa7 Qd8 30.g4 h5 31.h3 hxg4 32.hxg4 Qd6 33.Ra8 Rxa8 34.Qxa8+ Kh7 35.Qe4+ Kh6
36.Kf3 g5 37.Ke2 Qf6 38.Kd3 Qd6+ 39.Qd4 Qg6+ 40.Kc3 Qc6+ 41.Kb4 Kg6 42.a4 Qe6
43.Qd3+ Kh6 44.Qh3+ Kg7 45.Qc3+ Kg6 46.f3 Qe7+ 47.Kb5 Qe2+ 48.Kc6 Qe3 49.Qc2+ Kh6
50.Qd1 Qc5+ 51.Kd7 Qc3 52.Qd6+ Kg7 53.Qd5 Kg6 54.Qc6+  1-0

[Event "17th TCh-Eur"]
[Site "Novi Sad SRB"]
[Date "2009.10.29"]
[Round "8"]
[White "Papaioannou,I"]
[Black "Beliavsky,A"]
[Result "1/2-1/2"]
[WhiteElo "2628"]
[BlackElo "2656"]

1.d4 Nf6 2.c4 e6 3.g3 d5 4.Bg2 Be7 5.Nf3 O-O 6.O-O dxc4 7.Ne5 Nc6 8.Bxc6 bxc6
9.Nxc6 Qe8 10.Nxe7+ Qxe7 11.Qc2 e5 12.dxe5 Qxe5 13.Qxc4 Be6 14.Qd3 Rad8 15.Qe3 Qh5
16.f3 Rfe8 17.Qf2 Bc4 18.Nc3 Nd5 19.Re1 Nxc3 20.bxc3 Qb5 21.e4 Rd3 22.Bf4 Rxc3
23.a4 Qa6 24.Rec1 Rxc1+  1/2-1/2

[Event "17th TCh-Eur"]
[Site "Novi Sad SRB"]
[Date "2009.10.29"]
[Round "8"]
[White "Avrukh,B"]
[Black "Sanikidze,T"]
[Result "1-0"]
[WhiteElo "2668"]
[BlackElo "2600"]

1.d4 Nf6 2.c4 e6 3.g3 d5 4.Bg2 Be7 5.Nf3 O-O 6.O-O dxc4 7.Qc2 a6 8.a4 Bd7
9.Qxc4 Bc6 10.Bf4 Nd5 11.Nc3 Nxf4 12.gxf4 a5 13.Ne5 Bxg2 14.Kxg2 c6 15.Rad1 Na6
16.e3 Nb4 17.Rg1 Nd5 18.Kh1 f6 19.Nf3 Qb6 20.Qf1 Qxb2 21.Nxd5 cxd5 22.f5 Qb6
23.Qh3 Rfe8 24.Rxg7+ Kxg7 25.Rg1+ Kh8 26.Nh4 h6 27.Ng6+ Kh7 28.fxe6 Ra6 29.Qf5 Qxe6
30.Nf8+  1-0

[Event "WJun"]
[Site "Puerto Madryn ARG"]
[Date "2009.10.29"]
[Round "8"]
[White "Brunello,S"]
[Black "Tristan,L"]
[Result "1-0"]
[WhiteElo "2533"]
[BlackElo "2412"]

1.d4 Nf6 2.Nf3 e6 3.c4 d5 4.g3 Be7 5.Bg2 O-O 6.O-O c6 7.Qc2 b6 8.Nbd2 Ba6
9.Ne5 Nfd7 10.Nd3 Nf6 11.Rd1 Nbd7 12.e4 Rc8 13.e5 Ne8 14.Nf4 Nc7 15.b3 c5
16.dxc5 Bxc5 17.Bb2 Qe7 18.a3 Bxf2+ 19.Kxf2 Qc5+ 20.Ke1 Qe3+ 21.Ne2 Nxe5
22.Bd4 Qg5 23.h4 Qh5 24.Nf4 Qg4 25.Kf2 Nc6 26.Bb2 e5 27.Bh3 f5 28.Bxg4 fxg4
29.Rf1 exf4 30.gxf4 dxc4 31.Nxc4 Nd5 32.Kg1 b5 33.Nd6 Rc7 34.Qe4 Nf6 35.Bxf6 Rxf6
36.Ne8  1-0

[Event "WJun"]
[Site "Puerto Madryn ARG"]
[Date "2009.10.31"]
[Round "10"]
[White "Swiercz,D"]
[Black "Gomez,Gu"]
[Result "1-0"]
[WhiteElo "2492"]
[BlackElo "2176"]

1.d4 Nf6 2.c4 e6 3.g3 d5 4.Nf3 Be7 5.Bg2 O-O 6.O-O b6 7.cxd5 exd5 8.Nc3 Bb7
9.Bf4 c6 10.Rc1 Nbd7 11.Qb3 Re8 12.Rfd1 Nf8 13.e4 Ne6 14.e5 Nd7 15.Be3 Ndf8
16.Ne1 g6 17.f4 Ng7 18.Nf3 Nf5 19.Bf2 h5 20.Rd2 Ne6 21.Nd1 Neg7 22.a3 Qd7
23.Ne3 Nxe3 24.Qxe3 c5 25.Qe2 a5 26.Rdd1 c4 27.Nd2 a4  1-0

[Event "13th OIBM"]
[Site "Bad Wiessee GER"]
[Date "2009.11.06"]
[Round "8"]
[White "Naumann,Al"]
[Black "Abraham,I"]
[Result "1-0"]
[WhiteElo "2522"]
[BlackElo "2235"]

1.d4 d5 2.c4 e6 3.Nf3 Nf6 4.g3 Be7 5.Bg2 O-O 6.O-O dxc4 7.Qc2 a6 8.a4 Nbd7
9.a5 b5 10.axb6 cxb6 11.Nfd2 Nd5 12.Nxc4 Bb7 13.e4 Nb4 14.Qe2 Rc8 15.Rd1 b5
16.Na5 Ba8 17.Nc3 Nb6 18.Be3 Qc7 19.h4 Rfd8 20.h5 h6 21.Rac1 Nc4 22.Nxc4 bxc4
23.Qg4 Kh8 24.d5 Nd3 25.Rc2 Bf6 26.dxe6 fxe6 27.Qxe6 Nxb2 28.Rxd8+ Rxd8 29.Bb6 Qc8
30.Qxc8 Rxc8 31.Nd5 Na4 32.Be3 Bxd5 33.exd5 c3 34.d6 Rd8 35.Bc6 Nb2 36.d7 Nc4
37.Bf4 Be5 38.Bc1 Bd4 39.Bf4 Be5 40.Re2 c2 41.Rxc2 Bxf4 42.gxf4 Nb6 43.Rb2 Nxd7
44.Rd2 Rf8 45.Rxd7 Rxf4 46.Rd8+ Kh7 47.f3  1-0

[Event "Frauenbundesliga 2009-10"]
[Site "Germany GER"]
[Date "2009.11.08"]
[Round "2"]
[White "Pertlova,S"]
[Black "Rudolf,An"]
[Result "1/2-1/2"]
[WhiteElo "2232"]
[BlackElo "2287"]

1.d4 e6 2.g3 Nf6 3.c4 d5 4.Nf3 Be7 5.Bg2 O-O 6.O-O dxc4 7.Qc2 a6 8.Qxc4 b5
9.Qc2 Bb7 10.Bg5 Nbd7 11.Nbd2 Rc8 12.Nb3 Be4 13.Qc1 c5 14.Bxf6 Nxf6 15.dxc5  1/2-1/2

[Event "TCh-AUT 2009-10"]
[Site "Jenbach AUT"]
[Date "2009.11.08"]
[Round "3"]
[White "Hausner,I"]
[Black "Kreisl,R"]
[Result "1/2-1/2"]
[WhiteElo "2460"]
[BlackElo "2380"]

1.c4 e6 2.g3 Nf6 3.Bg2 d5 4.d4 Be7 5.Nf3 O-O 6.O-O dxc4 7.Qa4 a6 8.Qxc4 b5
9.Qc2 Bb7 10.Bf4 Nc6 11.Rd1 Nb4 12.Qc1 Nbd5 13.Nbd2 Nxf4 14.gxf4 c5 15.dxc5 Qc7
16.c6 Qxc6 17.Qxc6 Bxc6 18.Rac1 Rac8 19.Ne5 Bxg2 20.Kxg2 Nd5 21.Kf3 Bf6 22.Ne4 Bxe5
23.fxe5 Nb4 24.a3 Nc6 25.Rc5 f5 26.exf6 gxf6 27.Rd6 Ne5+ 28.Kg3 Rxc5 29.Nxc5 Nc4
30.Rxe6 Nxb2 31.Rxa6 f5 32.e3 Nc4 33.Ne6 Rf6 34.Ra8+ Kf7 35.Nd4 Nd6 36.Ra7+ Kg8
37.Kf4 Rh6 38.Rd7 Nc4 39.Nxb5 Rxh2 40.Rc7 Rxf2+ 41.Kg3 Rb2 42.Rxc4 Rxb5 43.a4 Ra5
44.Kh4 Kg7 45.Kg5 h6+ 46.Kf4 Kf6 47.Rc6+ Kg7 48.Rb6 Rxa4+ 49.Kxf5 Kf7 50.Rb7+ Ke8
51.e4 Ra6 52.Rh7 Rb6 53.e5 Ra6 54.Rb7 h5 55.Rh7 h4 56.Rxh4 Rb6 57.Ra4 Rc6
58.Ra8+ Ke7 59.Ra7+ Ke8 60.Ke4 Rb6 61.Kd5 Rh6  1/2-1/2

[Event "World Youth U18"]
[Site "Antalya TUR"]
[Date "2009.11.12"]
[Round "1"]
[White "Balog,I1"]
[Black "Binder,Mi"]
[Result "1-0"]
[WhiteElo "2491"]
[BlackElo "2202"]

1.d4 Nf6 2.c4 e6 3.g3 d5 4.Nf3 Be7 5.Bg2 O-O 6.Qc2 c6 7.O-O Nbd7 8.Nbd2 b6
9.e4 dxe4 10.Nxe4 Bb7 11.Rd1 Nxe4 12.Qxe4 Qc7 13.Bf4 Bd6 14.Bxd6 Qxd6 15.c5 Qe7
16.b4 Rac8 17.Qe3 Nf6 18.Ne5 Nd5 19.Qb3 Ba6 20.a4 b5 21.Rdb1 Rc7 22.Qd3 Rb8
23.Ra3 f6 24.Nf3 Bc8 25.Ne1 a6 26.Nc2 Bd7 27.Re1 Be8 28.Be4 h6 29.axb5 axb5
30.Bxd5 cxd5 31.Ne3 Qd7 32.Ra6 Bf7 33.Rea1 Rc6 34.Ra8 Rbc8 35.R1a7 Qe8 36.Rxc8 Rxc8
37.Qa3 e5 38.Qa1 exd4 39.Qxd4 Qe4 40.Qxe4 dxe4 41.Nf5 Be6 42.Nd6 Bd5 43.Kf1 Kh7
44.Ke2 Kg6 45.Ke3 f5 46.Kd4 Ba8 47.Ra6 Rd8 48.Ke5  1-0

[Event "World Youth U18"]
[Site "Antalya TUR"]
[Date "2009.11.14"]
[Round "3"]
[White "Balog,I1"]
[Black "Yaksin,O"]
[Result "1-0"]
[WhiteElo "2491"]
[BlackElo "2406"]

1.Nf3 Nf6 2.c4 e6 3.g3 d5 4.Bg2 Be7 5.d4 O-O 6.Qc2 c5 7.O-O cxd4 8.Nxd4 dxc4
9.Qxc4 e5 10.Nb3 Nc6 11.Bxc6 bxc6 12.Bg5 Qb6 13.N1d2 Ba6 14.Qh4 h6 15.Bxf6 Bxf6
16.Qe4 Bg5 17.Nf3 f5 18.Qc2 Bf6 19.Rfd1 Rad8 20.Rxd8 Rxd8 21.Qxf5 Bxe2 22.Re1 Qb5
23.Nfd2 Bd3 24.Ne4 Qb4 25.Nxf6+ gxf6 26.Qe6+ Kg7 27.Rc1 Qd6 28.Nc5 Bg6 29.Qc4 Rb8
30.b3 Bf7 31.Qg4+ Bg6 32.Rd1  1-0

[Event "World Youth U18"]
[Site "Antalya TUR"]
[Date "2009.11.14"]
[Round "3"]
[White "Woods,C"]
[Black "Demidov,M"]
[Result "0-1"]
[WhiteElo "1996"]
[BlackElo "2360"]

1.Nf3 Nf6 2.c4 e6 3.g3 d5 4.d4 Be7 5.Bg2 O-O 6.O-O b6 7.cxd5 exd5 8.Nc3 Bb7
9.Bf4 Nbd7 10.Rc1 a6 11.Qc2 Rc8 12.Rfd1 Re8 13.Ne5 Nf8 14.Na4 Ne6 15.Bh3 c5
16.dxc5 bxc5 17.Bg2 Nxf4 18.gxf4 Bd6 19.Qf5 Qc7 20.b3 Rcd8 21.e3 Bc8 22.Qd3 Bxe5
23.Rxc5 Qb8 24.fxe5 Qxe5 25.Nb6 Ng4 26.h3 Qh2+ 27.Kf1 Ne5 28.Qd4 Bxh3 29.Bxh3 Qxh3+
30.Ke2 Qh5+ 31.Kf1 Qh1+ 32.Ke2 Qf3+ 33.Ke1 Ng4  0-1

[Event "World Blitz"]
[Site "Moscow RUS"]
[Date "2009.11.18"]
[Round "33"]
[White "Tkachiev,V"]
[Black "Anand,V"]
[Result "1/2-1/2"]
[WhiteElo "2642"]
[BlackElo "2788"]

1.d4 Nf6 2.c4 e6 3.g3 d5 4.Bg2 Be7 5.Nf3 O-O 6.O-O dxc4 7.Qc2 a6 8.a4 Bd7
9.Ne5 Bc6 10.Nxc6 Nxc6 11.e3 Na5 12.Nd2 c5 13.dxc5 Rc8 14.b4 cxb3 15.Nxb3 Nd5
16.Ba3 b5 17.axb5 axb5 18.Nxa5 Qxa5 19.Bxd5 exd5 20.Qb3 Qa4 21.Qxa4 bxa4
22.c6 Bxa3 23.Rxa3 Rxc6 24.Rxa4 Rc4 25.Rfa1 Rxa4 26.Rxa4 Rd8 27.Rd4 f5 28.h3 Kf7
29.g4 fxg4 30.hxg4  1/2-1/2

[Event "FSGM November"]
[Site "Budapest HUN"]
[Date "2009.11.20"]
[Round "14"]
[White "Prohaszka,P2"]
[Black "Farago,I"]
[Result "1/2-1/2"]
[WhiteElo "2495"]
[BlackElo "2497"]

1.d4 d5 2.c4 e6 3.Nf3 Nf6 4.g3 Be7 5.Bg2 O-O 6.O-O dxc4 7.Qc2 a6 8.a4 Bd7
9.Qxc4 Bc6 10.Bg5 Bd5 11.Qc2 Be4 12.Qd2 c5 13.dxc5 Bxc5 14.Qxd8 Rxd8 15.Nbd2 Bc6
16.Rfc1 Nbd7 17.Nb3  1/2-1/2

[Event "British Rapidplay"]
[Site "Halifax ENG"]
[Date "2009.11.22"]
[Round "10"]
[White "Wells,P"]
[Black "Addison,B"]
[Result "1-0"]
[WhiteElo "2489"]
[BlackElo "2266"]

1.Nf3 d5 2.d4 Nf6 3.c4 e6 4.g3 Be7 5.Bg2 O-O 6.O-O dxc4 7.Qc2 a6 8.a4 Bd7
9.Qxc4 Bc6 10.Bg5 Bd5 11.Qc2 Be4 12.Qd1 c5 13.Nbd2 Bc6 14.dxc5 Bxc5 15.Nb3 Bb6
16.Qxd8 Rxd8 17.Ne5 Bxg2 18.Kxg2 Nbd7 19.Nc4 Rdc8 20.Rac1 Bc7 21.Rfd1 h6
22.Bf4 Bxf4 23.gxf4 b5 24.axb5 axb5 25.Nd6 Rxc1 26.Rxc1 Ra2 27.Rc8+ Nf8 28.Rc2 b4
29.Nd4 Nd5 30.e3 g6 31.Kf3 f5 32.h4 Ra1 33.Rc8 Kg7 34.Rc5 Rb1 35.b3 Kf6 36.Rb5 Nd7
37.Rb7 Ke7 38.Nc4 Ke8 39.Nxe6 Rxb3 40.Rxd7 Kxd7 41.Nc5+ Kc6 42.Nxb3 Kb5 43.Ncd2 Ka4
44.Nd4 Nc3 45.h5 gxh5 46.Nxf5  1-0

[Event "Open"]
[Site "Figueira da Foz POR"]
[Date "2009.12.02"]
[Round "5"]
[White "Galego,L"]
[Black "Spraggett,K"]
[Result "0-1"]
[WhiteElo "2435"]
[BlackElo "2606"]

1.d4 Nf6 2.Nf3 e6 3.g3 d5 4.Bg2 Be7 5.c4 O-O 6.Nbd2 b6 7.O-O Bb7 8.b3 Nbd7
9.Bb2 c5 10.dxc5 bxc5 11.Ne5 Nxe5 12.Bxe5 Qb6 13.cxd5 exd5 14.Rc1 Rfe8 15.Qc2 Rad8
16.e3 Bf8 17.Bb2 Qe6 18.Rfe1 h6 19.h3 Ba8 20.Qb1 Rc8 21.Bxf6 Qxf6 22.e4 dxe4
23.Nxe4 Qc6 24.Bf3 Qa6 25.Qc2 c4 26.bxc4 Bb4 27.Re3 f5 28.c5 fxe4 29.Qb3+ Kh8
30.Bh5 Bd2 31.Bxe8 Rxe8 32.Rd1 Bxe3 33.Qxe3 Qxa2 34.Rd6 Qa1+ 35.Kg2 Qe5 36.Ra6 Qe7
37.h4 Qb7 38.Rd6 Qc7 39.Kh2 Rf8 40.Qd4 Qf7 41.Kg1 e3 42.Qxe3 Bf3 43.Qd4 Kg8
44.Rd7 Qg6 45.Kh2 a5 46.Ra7 Bc6 47.Ra6 a4 48.g4 Kh7 49.h5 Qf6 50.Qxf6 Rxf6
51.Kg3 Rf3+ 52.Kh4 Bb5 53.Ra5 Bf1 54.g5 Rf4+ 55.Kg3 hxg5 56.c6 Rc4 57.Rxg5 Rxc6  0-1

[Event "World Cup"]
[Site "Khanty-Mansiysk RUS"]
[Date "2009.12.02"]
[Round "4.5"]
[White "Grischuk,A"]
[Black "Jakovenko,D"]
[Result "1/2-1/2"]
[WhiteElo "2736"]
[BlackElo "2736"]

1.d4 Nf6 2.c4 e6 3.Nf3 d5 4.g3 Be7 5.Bg2 O-O 6.Qc2 c5 7.O-O cxd4 8.Nxd4 Nc6
9.Nxc6 bxc6 10.Nc3 Ba6 11.b3 dxc4 12.Ne4 Nxe4 13.Bxe4 h6 14.Rd1 cxb3 15.axb3 Qc8
16.Be3 Bb5 17.Rxa7 Rxa7 18.Bxa7 Rd8 19.Rxd8+ Qxd8 20.Bf3 Qa5 21.Be3 Bf6 22.Kg2 Qc3
23.Qd1 Qb4 24.Qd7 Qe7 25.Qc8+ Qd8 26.Qb7 Qe8 27.h4 Be7 28.h5 Bf8 29.Qc7 Qe7
30.Qc8 Qd6 31.Bf4 Qe7 32.Be5 c5 33.Qb8 Qd7 34.Bb2 Bc6 35.Ba3 Bxf3+ 36.exf3 Qe7
37.Bc1 f6 38.Be3 Kf7 39.g4 Qd7 40.Qb6  1/2-1/2

[Event "Czech Coal Match"]
[Site "Marianske Lazne CZE"]
[Date "2009.12.05"]
[Round "8"]
[White "Korchnoi,V"]
[Black "Koneru,H"]
[Result "1-0"]
[WhiteElo "2567"]
[BlackElo "2603"]

1.d4 d5 2.c4 e6 3.Nf3 Nf6 4.g3 Be7 5.Bg2 O-O 6.O-O dxc4 7.Qc2 a6 8.Qxc4 b5
9.Qc2 Bb7 10.Bf4 Nc6 11.Rd1 Nb4 12.Qc1 Rc8 13.Bg5 Nbd5 14.Bxf6 Nxf6 15.Nc3 Qe8
16.a3 c5 17.Qf4 b4 18.axb4 cxb4 19.Na4 Qb5 20.Bf1 Ne4 21.Qe3 Nd6 22.h4 Rfd8
23.Qf4 Qf5 24.Qxf5 Nxf5 25.g4 Bxf3 26.gxf5 Be4 27.fxe6 fxe6 28.Nc5 Bxc5 29.dxc5 Rxd1
30.Rxd1 a5 31.Rc1 Kf7 32.f3 Bc6 33.e4 a4 34.Kf2 Ra8 35.Ke3 Ke7 36.Bc4 Ra5
37.Kd4 e5+ 38.Kxe5 Rxc5+ 39.Kd4 Rh5 40.Rg1 g6 41.Rg5 Rxh4 42.Ra5 Be8 43.Ra7+ Kf6
44.Ra8 Ke7 45.Ra7+ Kf6 46.Kc5 Rh2 47.Ra8 Ke7 48.e5 Rxb2 49.Ra7+ Kf8 50.e6 Rc2
51.Kxb4 Bc6 52.Rxh7 Rc1 53.e7+ Ke8 54.Bd3 Rg1 55.Kc5 Kd7 56.e8=Q+ Kxe8 57.Kxc6 Rg3
58.Be4 g5 59.Kd6 g4 60.Bd5  1-0